Understanding maritime security (Record no. 395331)

MARC details
000 -LEADER
fixed length control field 00538 a2200205 4500
005 - DATE & TIME
control field 20260319101319.0
008 - FIXED-LENGTH DATA ELEMENTS--GENERAL INFORMATION
fixed length control field 260318b |||||||| |||| 00| 0 eng d
020 ## - ISBN
International Standard Book Number 9780197799208
Price Rs. 430.00
040 ## - CATALOGING SOURCE
Original cataloging agency VIVEKANANDA LIBRARY
082 ## - DDC NUMBER
Classification number 359.03
Book Number B861U
100 ## - MAIN ENTRY--PERSONAL NAME
Personal name Bueger, Christian
245 ## - TITLE STATEMENT
Title Understanding maritime security
260 ## - PUBLICATION, DISTRIBUTION, ETC. (IMPRINT)
Name of publisher, distributor, etc Oxford University Press
Date of publication, distribution, etc 2024
Place of publication, distribution, etc New York
300 ## - PHYSICAL DESCRIPTION
Pages xii, 222
650 ## - Subject
Subject Military Science
650 ## - Subject
Subject Sea Forces
650 ## - Subject
Subject Naval Defense
700 ## - Added Entry Personal Name
Added Entry Personal Name Edmunds, Timothy
942 ## - ADDED ENTRY ELEMENTS (KOHA)
Koha item type Books
Holdings
Withdrawn status Lost status Source of classification or shelving scheme Damaged status Not for loan Location (home branch) Sublocation or collection (holding branch) Shelving location Date acquired Koha issues (times borrowed) Koha full call number Accession No. Koha date last seen Koha item type
    Dewey Decimal Classification     VIVEKANANDA LIBRARY VIVEKANANDA LIBRARY Vivekananda Library 28/01/2026   359.03 B861U 444733 28/01/2026 Books
© Designed and Maintained by Vivekananda Library, MDU Rohtak